| 000 -LEADER |
| fixed length control field |
00333nam a22001217a 4500 |
| 008 - FIXED-LENGTH DATA ELEMENTS--GENERAL INFORMATION |
| fixed length control field |
250228b ||||| |||| 00| 0 eng d |
| 020 ## - INTERNATIONAL STANDARD BOOK NUMBER |
| International Standard Book Number |
9780140569896 |
| 082 ## - DEWEY DECIMAL CLASSIFICATION NUMBER |
| Classification number |
E FIC CAR |
| 100 ## - MAIN ENTRY--PERSONAL NAME |
| Personal name |
CARLE,ERIC |
| Relator term |
AUTHOR |
| 245 ## - TITLE STATEMENT |
| Title |
MISTER SEAHORSE |
| 260 ## - PUBLICATION, DISTRIBUTION, ETC. |
| Place of publication, distribution, etc. |
80 STRAND,LONDON WC2R 0RL,ENGLAND |
| Name of publisher, distributor, etc. |
PENGUIN GROUP/PUFFIN BOOKS |
| Date of publication, distribution, etc. |
2006 |
| 942 ## - ADDED ENTRY ELEMENTS (KOHA) |
| Source of classification or shelving scheme |
|